Excitations in a bose-Condensed Liquid; (Record no. 5394)

MARC details
000 -LEADER
fixed length control field 00524nam a22001937a 4500
003 - CONTROL NUMBER IDENTIFIER
control field OSt
005 - DATE AND TIME OF LATEST TRANSACTION
control field 20161111125438.0
008 - FIXED-LENGTH DATA ELEMENTS--GENERAL INFORMATION
fixed length control field 161111b xxu||||| |||| 00| 0 eng d
020 ## - INTERNATIONAL STANDARD BOOK NUMBER
International Standard Book Number 0521432715
040 ## - CATALOGING SOURCE
Transcribing agency DDC.
082 ## - DEWEY DECIMAL CLASSIFICATION NUMBER
Classification number 530.42GRA 1993
100 ## - MAIN ENTRY--PERSONAL NAME
Personal name Graffin ,Allan;
9 (RLIN) 11279
245 ## - TITLE STATEMENT
Title Excitations in a bose-Condensed Liquid;
260 ## - PUBLICATION, DISTRIBUTION, ETC. (IMPRINT)
Place of publication, distribution, etc. Austraria:
Name of publisher, distributor, etc. Cambridge University Press.
Date of publication, distribution, etc. 1993.
300 ## - PHYSICAL DESCRIPTION
Extent xii,308p;
Other physical details ill:
Dimensions 24cm.
504 ## - BIBLIOGRAPHY, ETC. NOTE
Bibliography, etc References and Index.
650 ## - SUBJECT ADDED ENTRY--TOPICAL TERM
Topical term or geographic name as entry element Physics.
9 (RLIN) 809
942 ## - ADDED ENTRY ELEMENTS (KOHA)
Source of classification or shelving scheme Dewey Decimal Classification
Koha item type Open Shelf
Holdings
Withdrawn status Lost status Source of classification or shelving scheme Damaged status Not for loan Home library Current library Date acquired Source of acquisition Inventory number Total Checkouts Full call number Barcode Date last seen Koha item type
    Dewey Decimal Classification     MUST Main Library MUST Main Library 11/11/2016   05/24560   530.42GRA 1993 2016-4916 11/11/2016 Open Shelf
    Dewey Decimal Classification     MUST Main Library MUST Main Library 11/11/2016   05/24559   530.42GRA 1993 2016-4917 11/11/2016 Open Shelf
    Dewey Decimal Classification     MUST Main Library MUST Main Library 11/11/2016   05/24558   530.42GRA 1993 2016-4918 11/11/2016 Open Shelf